000 00828nam a2200253 i 4500
003 DO-SdBNP
005 20240909153721.0
007 ta
008 240909s2014 dr ac 000 0 spa d
040 _aDO-SdBNP
_bspa
_cBNPHU
_erda
082 _bA644
_222
100 1 _aAponte Viguera, Miguel
_938778
_eautor
245 1 3 _aEl campo socialista y los becados dominicanos /
_cMiguel Aponte Viguera
264 _aSanto Domingo :
_b[editor no identificado],
_c2014.
300 _a103 páginas
_bilustraciones, retratos
_c21 cm.
336 _2rdacontent
_atexto
_btxt
337 _2rdamedia
_asin mediación
_bn
338 _2rdacarrier
_avolumen
_bnc
500 _aDesde la página 47 a la 59 está escrito en ruso.
504 _aBibliografía p: 103.
590 _aInventariado, 2024/ YL
910 _aYLockward
942 _2ddc
_cLBS1
999 _c57659
_d57659